[Event "Montcalm V 2007-08"]
[Site "Quebec CAN"]
[Date "2008.03.13"]
[Round "5"]
[White "Myre, Eric"]
[Black "Cummins, Paul"]
[Result "1-0"]
[WhiteElo "1904"]
[BlackElo "1739"]
[PlyCount "51"]
[GameId "2160767910413541"]
[EventDate "2008.02.14"]
[EventType "swiss"]
[EventRounds "5"]
[EventCountry "CAN"]
[SourceTitle "EXT 2011"]
[Source "ChessBase"]
[SourceDate "2011.11.26"]
[SourceVersion "1"]
[SourceVersionDate "2011.11.26"]
[SourceQuality "1"]

1. d4 Nf6 2. c4 e6 3. Nc3 Bb4 4. e3 O-O 5. Bd3 d5 6. Nf3 b6 7. O-O dxc4 8. Bxc4 Bb7 9. a3 Be7 10. Qe2 c5 11. dxc5 Bxc5 12. b4 Be7 13. Rd1 Qc8 14. Bb2 Nbd7 15. Rac1 Bxf3 16. gxf3 a5 17. Bb5 Qb7 18. Ne4 Nb8 19. Qc4 Nxe4 20. fxe4 axb4 21. axb4 Bg5 22. Be5 Ra3 23. Qd4 Na6 24. Bc6 Qa7 25. Ra1 Rb3 26. b5 1-0

[Event "Montcalm VI 2007-08"]
[Site "Quebec CAN"]
[Date "2008.03.20"]
[Round "1"]
[White "Cournoyer, Dominic"]
[Black "Bender, Karl"]
[Result "1/2-1/2"]
[WhiteElo "1922"]
[BlackElo "1477"]
[PlyCount "74"]
[GameId "2160767910413061"]
[EventDate "2008.03.20"]
[EventType "swiss"]
[EventRounds "5"]
[EventCountry "CAN"]
[SourceTitle "EXT 2022"]
[Source "ChessBase"]
[SourceDate "2021.10.06"]
[SourceVersion "1"]
[SourceVersionDate "2021.10.06"]
[SourceQuality "1"]

1. Nh3 d5 2. g3 Nf6 3. d4 g6 4. Bg2 Bg7 5. O-O Nbd7 6. Nf4 c6 7. Nd2 e5 8. dxe5 Nxe5 9. e4 dxe4 10. Nxe4 Qxd1 11. Rxd1 Nxe4 12. Bxe4 O-O 13. c3 Bg4 14. Re1 Rad8 15. Be3 a6 16. Bd4 Nc4 17. Bxg7 Kxg7 18. f3 Bc8 19. b3 Nd2 20. Kf2 Nxe4+ 21. Rxe4 Rd2+ 22. Re2 g5 23. Ng2 h5 24. Rxd2 Be6 25. Ne1 Rd8 26. Nc2 a5 27. Ne3 Kg6 28. Ke1 Bf5 29. Rb2 Bc8 30. Ke2 f5 31. Rd2 Rxd2+ 32. Kxd2 f4 33. gxf4 gxf4 34. Ng2 Kg5 35. h4+ Kf5 36. Ne1 c5 37. Nd3 b6 1/2-1/2

[Event "Montcalm VI 2007-08"]
[Site "Quebec CAN"]
[Date "2008.03.20"]
[Round "1"]
[White "Cummins, Paul"]
[Black "Auger, Bertrand"]
[Result "0-1"]
[WhiteElo "1746"]
[BlackElo "2014"]
[PlyCount "56"]
[GameId "2160767910413062"]
[EventDate "2008.03.20"]
[EventType "swiss"]
[EventRounds "5"]
[EventCountry "CAN"]
[SourceTitle "EXT 2022"]
[Source "ChessBase"]
[SourceDate "2021.10.06"]
[SourceVersion "1"]
[SourceVersionDate "2021.10.06"]
[SourceQuality "1"]

1. d4 Nf6 2. e3 b6 3. Bd3 Bb7 4. f3 e6 5. Nh3 c5 6. c3 Be7 7. O-O O-O 8. Re1 Nc6 9. Nd2 Qc7 10. Nf1 d5 11. a3 a6 12. Bd2 b5 13. Nf2 Rac8 14. Rc1 Qb8 15. Qe2 Na5 16. e4 dxe4 17. fxe4 cxd4 18. cxd4 Nb3 19. Rxc8 Rxc8 20. Bc3 Qa7 21. Rd1 Qb6 22. Ne3 g6 23. Qe1 Nxd4 24. e5 Ne8 25. Ba5 Qa7 26. Be4 Bxe4 27. Nxe4 Nc2 28. Rd3 Nxe1 0-1

[Event "Montcalm VI 2007-08"]
[Site "Quebec CAN"]
[Date "2008.03.20"]
[Round "1"]
[White "Oliver, Vance"]
[Black "Caron, Sebastien"]
[Result "0-1"]
[WhiteElo "1473"]
[BlackElo "1913"]
[PlyCount "81"]
[GameId "2160767910413063"]
[EventDate "2008.03.20"]
[EventType "swiss"]
[EventRounds "5"]
[EventCountry "CAN"]
[SourceTitle "EXT 2022"]
[Source "ChessBase"]
[SourceDate "2021.10.06"]
[SourceVersion "1"]
[SourceVersionDate "2021.10.06"]
[SourceQuality "1"]

1. e4 c5 2. Nf3 d6 3. g3 Nf6 4. d3 Nc6 5. Bg2 g6 6. Nbd2 Bd7 7. O-O Qc8 8. Re1 Bg4 9. c3 h5 10. h4 Qd7 11. Qb3 e5 12. Ng5 Nh7 13. Ndf3 f6 14. Nxh7 Rxh7 15. Be3 Be6 16. Qc2 Nd8 17. d4 Qg7 18. dxe5 dxe5 19. Rad1 Be7 20. Qa4+ Kf8 21. Rd2 g5 22. Red1 b6 23. b4 Bg4 24. bxc5 bxc5 25. Bxc5 Nb7 26. Bb6 gxh4 27. Nxh4 Bxd1 28. Rxd1 Bd8 29. Nf5 Qf7 30. Qa3+ Be7 31. Qa6 Bd8 32. Qa3+ Kg8 33. Be3 Kh8 34. Nh4 Be7 35. Qa6 Bf8 36. Bh3 Rd8 37. Rb1 Qc7 38. Rd1 Rf7 39. Qe2 Re8 40. Ng6+ Kg8 41. Qc4 0-1

[Event "Montcalm VI 2007-08"]
[Site "Quebec CAN"]
[Date "2008.03.20"]
[Round "1"]
[White "Sauve, Richard"]
[Black "Dube, Daniel"]
[Result "1-0"]
[WhiteElo "2013"]
[BlackElo "1648"]
[PlyCount "76"]
[GameId "2160767910413064"]
[EventDate "2008.03.20"]
[EventType "swiss"]
[EventRounds "5"]
[EventCountry "CAN"]
[SourceTitle "EXT 2022"]
[Source "ChessBase"]
[SourceDate "2021.10.06"]
[SourceVersion "1"]
[SourceVersionDate "2021.10.06"]
[SourceQuality "1"]

1. d4 d5 2. c4 e6 3. Nc3 Nf6 4. cxd5 exd5 5. Bg5 Be7 6. e3 O-O 7. Bd3 Nbd7 8. Nge2 h6 9. Bh4 c6 10. Qc2 Re8 11. O-O Nf8 12. Rac1 b6 13. a3 Bb7 14. b4 a5 15. Qb3 axb4 16. axb4 b5 17. f3 Qd6 18. Rb1 Qe6 19. Bf2 Bd6 20. Rfe1 Ra6 21. e4 dxe4 22. Qxe6 Rxe6 23. fxe4 Ng4 24. Bg3 Bxg3 25. Nxg3 Nf6 26. e5 N6d7 27. Nge4 Re7 28. Ra1 Rb6 29. Nd6 f6 30. Ra7 Nb8 31. Nc8 Bxc8 32. Rxe7 fxe5 33. R1xe5 Nbd7 34. Re3 Nf6 35. Rg3 Nh5 36. Rf3 Nf6 37. Ne4 Nxe4 38. Bxe4 Ne6 1-0

[Event "Montcalm VI 2007-08"]
[Site "Quebec CAN"]
[Date "2008.03.20"]
[Round "1"]
[White "Skakni, Ismael"]
[Black "Bernatchez, Dan"]
[Result "0-1"]
[WhiteElo "1632"]
[BlackElo "1980"]
[PlyCount "58"]
[GameId "2160767910413065"]
[EventDate "2008.03.20"]
[EventType "swiss"]
[EventRounds "5"]
[EventCountry "CAN"]
[SourceTitle "EXT 2022"]
[Source "ChessBase"]
[SourceDate "2021.10.06"]
[SourceVersion "1"]
[SourceVersionDate "2021.10.06"]
[SourceQuality "1"]

1. d4 Nf6 2. Nf3 e6 3. Bf4 d5 4. e3 c5 5. c3 Nbd7 6. Nbd2 b6 7. Bd3 Bb7 8. Qe2 Ne4 9. Bb5 a6 10. Nxe4 dxe4 11. Bxd7+ Qxd7 12. Ne5 Qb5 13. Qg4 cxd4 14. exd4 Rc8 15. a4 Qb3 16. O-O g6 17. f3 Bg7 18. Nxf7 Kxf7 19. fxe4 Rhe8 20. Ra3 Qc2 21. d5 Kg8 22. Bd6 exd5 23. Qd7 Bc6 24. Qf7+ Kh8 25. exd5 Ba8 26. c4 Qxc4 27. Raf3 Bxd5 28. Qf4 Bxf3 29. Qxf3 Qd4+ 0-1

[Event "Montcalm VI 2007-08"]
[Site "Quebec CAN"]
[Date "2008.03.27"]
[Round "2"]
[White "Auger, Bertrand"]
[Black "Bernatchez, Dan"]
[Result "1-0"]
[WhiteElo "2014"]
[BlackElo "1980"]
[PlyCount "83"]
[GameId "2160767910413066"]
[EventDate "2008.03.20"]
[EventType "swiss"]
[EventRounds "5"]
[EventCountry "CAN"]
[SourceTitle "EXT 2022"]
[Source "ChessBase"]
[SourceDate "2021.10.06"]
[SourceVersion "1"]
[SourceVersionDate "2021.10.06"]
[SourceQuality "1"]

1. c4 c5 2. Nc3 Nc6 3. Nf3 g6 4. g3 Bg7 5. Bg2 e6 6. O-O Nge7 7. a3 O-O 8. Rb1 a5 9. b3 d6 10. Bb2 e5 11. d3 Rb8 12. e3 Na7 13. a4 Nac6 14. Qe2 Re8 15. Nd2 Nb4 16. Nb5 d5 17. cxd5 Nexd5 18. Ne4 Bf8 19. Rfd1 f5 20. Nd2 Nc7 21. Nxc7 Qxc7 22. Nc4 Bg7 23. Qd2 Be6 24. Qc3 Nc6 25. Qe1 Bf7 26. Rbc1 b6 27. Rd2 Rbd8 28. Qd1 Bd5 29. Bxd5+ Rxd5 30. e4 fxe4 31. dxe4 Rxd2 32. Qxd2 Nd4 33. Bxd4 exd4 34. Qd3 Qc6 35. Re1 b5 36. Nxa5 Qb6 37. Qxb5 Qxb5 38. axb5 Rb8 39. e5 Rxb5 40. e6 Kf8 41. e7+ Ke8 42. Nc4 1-0

[Event "Montcalm VI 2007-08"]
[Site "Quebec CAN"]
[Date "2008.03.27"]
[Round "2"]
[White "Bender, Karl"]
[Black "Cummins, Paul"]
[Result "0-1"]
[WhiteElo "1477"]
[BlackElo "1746"]
[PlyCount "86"]
[GameId "2160767910413067"]
[EventDate "2008.03.20"]
[EventType "swiss"]
[EventRounds "5"]
[EventCountry "CAN"]
[SourceTitle "EXT 2022"]
[Source "ChessBase"]
[SourceDate "2021.10.06"]
[SourceVersion "1"]
[SourceVersionDate "2021.10.06"]
[SourceQuality "1"]

1. d4 Nf6 2. Nf3 e6 3. g3 c5 4. c3 Nc6 5. Bg2 d5 6. O-O cxd4 7. Nxd4 Bd6 8. Bg5 h6 9. Nxc6 bxc6 10. Bd2 O-O 11. Re1 Qb6 12. Qb3 Qc7 13. e4 Rb8 14. Qc2 dxe4 15. Bxe4 h5 16. Bg2 h4 17. Bg5 hxg3 18. Bxf6 gxh2+ 19. Kh1 gxf6 20. Qe4 Re8 21. Qh4 Qe7 22. Bxc6 f5 23. Qxe7 Rxe7 24. b3 Rc7 25. Bg2 Bf4 26. c4 e5 27. Na3 a6 28. Nc2 Rb6 29. Ne3 Be6 30. Rad1 e4 31. Nf1 f6 32. Rd8+ Kg7 33. Nxh2 Kg6 34. Kg1 Rh7 35. Nf1 a5 36. Ra8 Bc7 37. Ne3 Rd6 38. Rd1 Rxd1+ 39. Nxd1 Bd7 40. Kf1 Bc6 41. Rc8 Bb7 42. Re8 Kf7 43. Bxe4 fxe4 0-1

[Event "Montcalm VI 2007-08"]
[Site "Quebec CAN"]
[Date "2008.03.27"]
[Round "2"]
[White "Caron, Sebastien"]
[Black "Sauve, Richard"]
[Result "0-1"]
[WhiteElo "1913"]
[BlackElo "2013"]
[PlyCount "82"]
[GameId "2160767910413068"]
[EventDate "2008.03.20"]
[EventType "swiss"]
[EventRounds "5"]
[EventCountry "CAN"]
[SourceTitle "EXT 2022"]
[Source "ChessBase"]
[SourceDate "2021.10.06"]
[SourceVersion "1"]
[SourceVersionDate "2021.10.06"]
[SourceQuality "1"]

1. e4 e6 2. d4 d5 3. Nd2 Nf6 4. e5 Nfd7 5. f4 c5 6. c3 Nc6 7. Ndf3 cxd4 8. cxd4 Qb6 9. g3 Bb4+ 10. Kf2 g5 11. h3 gxf4 12. gxf4 f6 13. Be3 Be7 14. Rb1 Nf8 15. h4 Bd7 16. Ne2 Rg8 17. Rg1 Rxg1 18. Kxg1 fxe5 19. fxe5 O-O-O 20. Nf4 Ng6 21. Nxg6 hxg6 22. b3 Rh8 23. Bf2 Qd8 24. Qd2 Qf8 25. Bg2 Kb8 26. Rf1 Bb4 27. Qe3 Ne7 28. Be1 Nf5 29. Bxb4 Qxb4 30. Qf4 Bb5 31. Rf2 Bd3 32. Qg5 Nxd4 33. Qf6 Nxf3+ 34. Rxf3 Qd4+ 35. Kh2 Rc8 36. Qxe6 Qxh4+ 37. Rh3 Qf4+ 38. Rg3 Rh8+ 39. Bh3 Bf5 40. Qd6+ Ka8 41. Kg2 Be4+ 0-1

[Event "Montcalm VI 2007-08"]
[Site "Quebec CAN"]
[Date "2008.03.27"]
[Round "2"]
[White "Lessard, Claude"]
[Black "Lapierre, Gaetan"]
[Result "1-0"]
[WhiteElo "1969"]
[BlackElo "1893"]
[PlyCount "49"]
[GameId "2160767910413069"]
[EventDate "2008.03.20"]
[EventType "swiss"]
[EventRounds "5"]
[EventCountry "CAN"]
[SourceTitle "EXT 2022"]
[Source "ChessBase"]
[SourceDate "2021.10.06"]
[SourceVersion "1"]
[SourceVersionDate "2021.10.06"]
[SourceQuality "1"]

1. d4 Nf6 2. c4 g6 3. Nc3 d5 4. cxd5 Nxd5 5. e4 Nxc3 6. bxc3 Bg7 7. Bc4 c5 8. Ne2 cxd4 9. cxd4 Nc6 10. Be3 O-O 11. O-O Na5 12. Bd3 e6 13. Rc1 Kh8 14. Qd2 f5 15. e5 Nc6 16. Rc4 Rf7 17. Rb1 Bf8 18. Rc2 Be7 19. Bb5 g5 20. f3 f4 21. Bf2 Bd7 22. Bd3 g4 23. Be4 Na5 24. fxg4 a6 25. d5 1-0

[Event "Montcalm VI 2007-08"]
[Site "Quebec CAN"]
[Date "2008.03.27"]
[Round "2"]
[White "Plante, Gilles"]
[Black "Cournoyer, Dominic"]
[Result "0-1"]
[WhiteElo "1737"]
[BlackElo "1922"]
[PlyCount "80"]
[GameId "2160767910413070"]
[EventDate "2008.03.20"]
[EventType "swiss"]
[EventRounds "5"]
[EventCountry "CAN"]
[SourceTitle "EXT 2022"]
[Source "ChessBase"]
[SourceDate "2021.10.06"]
[SourceVersion "1"]
[SourceVersionDate "2021.10.06"]
[SourceQuality "1"]

1. d4 d5 2. c4 c6 3. Nf3 Nf6 4. Nc3 h6 5. cxd5 cxd5 6. Bf4 a6 7. e3 Bf5 8. Be2 e6 9. Qa4+ Nbd7 10. Rc1 Be7 11. O-O O-O 12. h3 Rc8 13. Ne5 Nxe5 14. Bxe5 Qb6 15. Qb3 Qxb3 16. axb3 Ne4 17. Rfd1 Nxc3 18. Rxc3 Bb4 19. Rc5 Bxc5 20. dxc5 f6 21. Bd6 Rfd8 22. Rd4 Bc2 23. Rb4 Rd7 24. f4 Ra8 25. Rb6 a5 26. Kf2 Bg6 27. Ke1 Be8 28. e4 g6 29. Kd2 Rg7 30. Kc3 dxe4 31. Bc4 Bc6 32. Bxe6+ Kh7 33. f5 h5 34. fxg6+ Kxg6 35. b4 axb4+ 36. Rxb4 Kh7 37. g4 hxg4 38. Bf5+ Kh8 39. hxg4 e3 40. Kd3 Re8 0-1

[Event "Montcalm VI 2007-08"]
[Site "Quebec CAN"]
[Date "2008.04.03"]
[Round "3"]
[White "Bernatchez, Dan"]
[Black "Cummins, Paul"]
[Result "1-0"]
[WhiteElo "1980"]
[BlackElo "1746"]
[PlyCount "39"]
[GameId "2160767910413071"]
[EventDate "2008.03.20"]
[EventType "swiss"]
[EventRounds "5"]
[EventCountry "CAN"]
[SourceTitle "EXT 2022"]
[Source "ChessBase"]
[SourceDate "2021.10.06"]
[SourceVersion "1"]
[SourceVersionDate "2021.10.06"]
[SourceQuality "1"]

1. e4 c5 2. Nf3 d6 3. d4 cxd4 4. Nxd4 Nf6 5. Nc3 g6 6. Be2 Bg7 7. Be3 O-O 8. O-O Nc6 9. Nb3 a5 10. a4 Be6 11. Nd4 Nxd4 12. Bxd4 Rc8 13. Nd5 Bxd5 14. exd5 e5 15. Be3 Nd7 16. c3 f5 17. f3 f4 18. Bf2 Nf6 19. Bd3 Nxd5 20. Qb3 1-0

[Event "Montcalm VI 2007-08"]
[Site "Quebec CAN"]
[Date "2008.04.03"]
[Round "3"]
[White "Bourassa, Andre"]
[Black "Caron, Sebastien"]
[Result "0-1"]
[WhiteElo "1717"]
[BlackElo "1913"]
[PlyCount "91"]
[GameId "2160767910413072"]
[EventDate "2008.03.20"]
[EventType "swiss"]
[EventRounds "5"]
[EventCountry "CAN"]
[SourceTitle "EXT 2022"]
[Source "ChessBase"]
[SourceDate "2021.10.06"]
[SourceVersion "1"]
[SourceVersionDate "2021.10.06"]
[SourceQuality "1"]

1. d4 Nf6 2. c4 g6 3. Nc3 Bg7 4. e4 d6 5. Bd3 O-O 6. Nge2 Nc6 7. O-O e5 8. d5 Ne7 9. f4 exf4 10. Bxf4 Ng4 11. h3 Ne5 12. Qd2 f5 13. Ng3 Nxd3 14. Qxd3 h6 15. exf5 Nxf5 16. Nge2 Qh4 17. Rf3 g5 18. g3 Qxh3 19. g4 Qxg4+ 20. Bg3 Nxg3 21. Rxf8+ Kxf8 22. Nxg3 Bd4+ 23. Kf1 Qh3+ 24. Ke1 Be5 25. Nce2 Bg4 26. Kd2 Kg7 27. Rh1 Bxe2 28. Nf5+ Qxf5 29. Qxf5 Bxc4 30. Qe6 Rh8 31. b3 Bf4+ 32. Kc3 Ba6 33. Qe7+ Kg6 34. Re1 Be5+ 35. Kb4 Rh7 36. Qe6+ Bf6 37. Qe8+ Rf7 38. Rc1 Kg7 39. Qb8 c5+ 40. Ka3 Be5 41. Re1 Re7 42. Rh1 b5 43. Qd8 Rf7 44. Re1 Rf2 45. Qe7+ Kg6 46. Rxe5 0-1

[Event "Montcalm VI 2007-08"]
[Site "Quebec CAN"]
[Date "2008.04.03"]
[Round "3"]
[White "Cournoyer, Dominic"]
[Black "Lessard, Claude"]
[Result "0-1"]
[WhiteElo "1922"]
[BlackElo "1969"]
[PlyCount "134"]
[GameId "2160767910413073"]
[EventDate "2008.03.20"]
[EventType "swiss"]
[EventRounds "5"]
[EventCountry "CAN"]
[SourceTitle "EXT 2022"]
[Source "ChessBase"]
[SourceDate "2021.10.06"]
[SourceVersion "1"]
[SourceVersionDate "2021.10.06"]
[SourceQuality "1"]

1. c4 e5 2. Nc3 Nc6 3. Nf3 Nf6 4. g3 d5 5. cxd5 Nxd5 6. Bg2 Nxc3 7. dxc3 Qxd1+ 8. Kxd1 Bc5 9. e3 Be6 10. b3 Be7 11. Ke2 e4 12. Nd4 Bg4+ 13. f3 exf3+ 14. Bxf3 Bxf3+ 15. Nxf3 O-O-O 16. Bd2 Bf6 17. Rad1 Rhe8 18. c4 g5 19. g4 h5 20. h3 hxg4 21. hxg4 Re4 22. Rhg1 Ne7 23. Bc1 Re8 24. Rdf1 Ng6 25. Kd3 R4e6 26. Re1 Rd6+ 27. Kc2 Re4 28. Bb2 Bxb2 29. Kxb2 f6 30. Kc3 b6 31. Nd2 Re8 32. Nf3 c5 33. Rg2 Rde6 34. Kd2 Re4 35. Rg3 Kc7 36. Nh2 Kc6 37. Rf3 Rd8+ 38. Kc2 Rd6 39. Ref1 Ree6 40. R1f2 Ne5 41. Rf5 Nd3 42. Re2 Re4 43. a3 Nf4 44. Rd2 Rxe3 45. Nf1 Re1 46. Ng3 Ree6 47. Nh5 Ne2 48. Rxd6+ Kxd6 49. Rxf6 Rxf6 50. Nxf6 Ke5 51. Nd5 Nf4 52. Ne7 Ne6 53. Nc8 Kf4 54. Kd2 Nd4 55. b4 cxb4 56. axb4 Nf3+ 57. Ke2 Ne5 58. Nxa7 Nxc4 59. Nc8 Kxg4 60. Kf2 Kh3 61. Kg1 g4 62. b5 g3 63. Ne7 Nd2 64. Nd5 Nf3+ 65. Kf1 g2+ 66. Ke2 g1=Q 67. Nf4+ Kg4 0-1

[Event "Montcalm VI 2007-08"]
[Site "Quebec CAN"]
[Date "2008.04.03"]
[Round "3"]
[White "Sauve, Richard"]
[Black "Auger, Bertrand"]
[Result "1/2-1/2"]
[WhiteElo "2013"]
[BlackElo "2014"]
[PlyCount "52"]
[GameId "2160767910413074"]
[EventDate "2008.03.20"]
[EventType "swiss"]
[EventRounds "5"]
[EventCountry "CAN"]
[SourceTitle "EXT 2022"]
[Source "ChessBase"]
[SourceDate "2021.10.06"]
[SourceVersion "1"]
[SourceVersionDate "2021.10.06"]
[SourceQuality "1"]

1. d4 Nf6 2. c4 e6 3. Nc3 Bb4 4. Bd2 O-O 5. e3 b6 6. Qf3 Nc6 7. a3 Bxc3 8. Bxc3 d5 9. Bd3 Bb7 10. cxd5 Nxd5 11. Bd2 Nf6 12. Qh3 e5 13. Ne2 exd4 14. exd4 Nxd4 15. Nxd4 Qxd4 16. Bc3 Rfe8+ 17. Kf1 Qg4 18. Bxh7+ Kf8 19. Qxg4 Ba6+ 20. Kg1 Nxg4 21. f3 Ne3 22. Be4 Rad8 23. Kf2 Nd5 24. Bxd5 Re2+ 25. Kg3 Rxd5 26. h4 Rd6 1/2-1/2

[Event "Montcalm VI 2007-08"]
[Site "Quebec CAN"]
[Date "2008.04.10"]
[Round "4"]
[White "Auger, Bertrand"]
[Black "Lessard, Claude"]
[Result "1-0"]
[WhiteElo "2014"]
[BlackElo "1969"]
[PlyCount "65"]
[GameId "2160767910413075"]
[EventDate "2008.03.20"]
[EventType "swiss"]
[EventRounds "5"]
[EventCountry "CAN"]
[SourceTitle "EXT 2022"]
[Source "ChessBase"]
[SourceDate "2021.10.06"]
[SourceVersion "1"]
[SourceVersionDate "2021.10.06"]
[SourceQuality "1"]

1. Nf3 c5 2. c4 d6 3. g3 e5 4. d3 Nc6 5. Bg2 f5 6. O-O Nf6 7. Nc3 Be7 8. Nd5 O-O 9. a3 Nxd5 10. cxd5 Nb8 11. b4 cxb4 12. axb4 Nd7 13. Qb3 Nf6 14. Nxe5 dxe5 15. d6+ Kh8 16. dxe7 Qxe7 17. Be3 Be6 18. Qb2 Qc7 19. Rfc1 Qb8 20. Ra5 Nd7 21. f4 exf4 22. Bxf4 Qd8 23. Rc7 Nf6 24. Rxb7 Kg8 25. Qe5 Bd7 26. Qd6 Re8 27. Re5 a5 28. bxa5 Rxa5 29. h3 Ra1+ 30. Kh2 Qc8 31. Rxe8+ Qxe8 32. Rb8 Bc8 33. Qc7 1-0

[Event "Montcalm VI 2007-08"]
[Site "Quebec CAN"]
[Date "2008.04.10"]
[Round "4"]
[White "Cournoyer, Dominic"]
[Black "Sauve, Richard"]
[Result "1-0"]
[WhiteElo "1922"]
[BlackElo "2013"]
[PlyCount "139"]
[GameId "2160767910413076"]
[EventDate "2008.03.20"]
[EventType "swiss"]
[EventRounds "5"]
[EventCountry "CAN"]
[SourceTitle "EXT 2022"]
[Source "ChessBase"]
[SourceDate "2021.10.06"]
[SourceVersion "1"]
[SourceVersionDate "2021.10.06"]
[SourceQuality "1"]

1. f4 Nf6 2. Nf3 g6 3. b3 Bg7 4. Bb2 O-O 5. e3 d6 6. Be2 Nc6 7. O-O e5 8. fxe5 Ng4 9. Nc3 dxe5 10. h3 Nh6 11. e4 Nd4 12. Bc4 c6 13. a4 Be6 14. Bxe6 Nxe6 15. Ne2 f6 16. Qe1 Nf7 17. Rd1 Nfg5 18. Nxg5 Nxg5 19. d3 Qb6+ 20. Qf2 Qxf2+ 21. Rxf2 Rad8 22. Rdf1 Ne6 23. g3 Rd7 24. Kg2 Rfd8 25. Ng1 Nd4 26. Nf3 c5 27. Nh2 h5 28. Nf3 Rd6 29. Nh4 Kh7 30. Kh2 Rh8 31. Ng2 Nc6 32. Ne3 Nb4 33. Ba3 Rc8 34. Bxb4 cxb4 35. Nd5 a5 36. g4 hxg4 37. hxg4 Rc5 38. Kg3 Kg8 39. Rh2 Kf7 40. Rff2 Rdc6 41. Ne3 Kg8 42. Nc4 Rc7 43. Kf3 Kf7 44. Ke2 Ke6 45. Kd1 Rf7 46. Rh7 b5 47. axb5 Rxb5 48. Ne3 a4 49. bxa4 Ra5 50. Nd5 Rxa4 51. Kd2 f5 52. gxf5+ gxf5 53. Rg2 fxe4 54. dxe4 Bf6 55. Rh6 b3 56. Rgg6 b2 57. Rxf6+ Rxf6 58. Rxf6+ Kd7 59. Rb6 Rxe4 60. Nf6+ Kc7 61. Rxb2 Rd4+ 62. Ke3 Kd6 63. Rb3 Ke6 64. Ne4 Kf5 65. Nd2 Rh4 66. Rb5 Rh3+ 67. Ke2 Kf4 68. Rb4+ Kf5 69. Nf3 e4 70. Rxe4 1-0

[Event "Montcalm VI 2007-08"]
[Site "Quebec CAN"]
[Date "2008.04.10"]
[Round "4"]
[White "Cummins, Paul"]
[Black "Bourassa, Andre"]
[Result "1-0"]
[WhiteElo "1746"]
[BlackElo "1717"]
[PlyCount "80"]
[GameId "2160767910413077"]
[EventDate "2008.03.20"]
[EventType "swiss"]
[EventRounds "5"]
[EventCountry "CAN"]
[SourceTitle "EXT 2022"]
[Source "ChessBase"]
[SourceDate "2021.10.06"]
[SourceVersion "1"]
[SourceVersionDate "2021.10.06"]
[SourceQuality "1"]

1. e4 c5 2. Nf3 d6 3. d4 cxd4 4. Nxd4 Nf6 5. Nc3 a6 6. Bg5 Nbd7 7. Bc4 Qa5 8. Qd2 b5 9. Nb3 Qc7 10. Bd3 Bb7 11. f3 d5 12. exd5 Qe5+ 13. Be3 Bxd5 14. O-O b4 15. Ne2 Bxb3 16. axb3 Nd5 17. Bd4 Qd6 18. Be4 e6 19. Rfe1 f6 20. Nf4 Kf7 21. Bxd5 exd5 22. Be3 Nb6 23. Kh1 g5 24. Nh5 Nc8 25. Bd4 Bg7 26. Nxg7 Kxg7 27. Qxg5+ Kf7 28. Qh5+ Kg7 29. Be3 h6 30. Rad1 Ne7 31. Bd2 Ng6 32. f4 Rag8 33. Qf5 Re8 34. Rxe8 Rxe8 35. Qh5 Re4 36. f5 Nf4 37. Bxf4 Rxf4 38. Qg6+ Kf8 39. Qxh6+ Ke8 40. g3 Rf2 1-0

[Event "Montcalm VI 2007-08"]
[Site "Quebec CAN"]
[Date "2008.04.17"]
[Round "5"]
[White "Caron, Sebastien"]
[Black "Auger, Bertrand"]
[Result "1/2-1/2"]
[WhiteElo "1913"]
[BlackElo "2014"]
[PlyCount "24"]
[GameId "2160767910413078"]
[EventDate "2008.03.20"]
[EventType "swiss"]
[EventRounds "5"]
[EventCountry "CAN"]
[SourceTitle "EXT 2022"]
[Source "ChessBase"]
[SourceDate "2021.10.06"]
[SourceVersion "1"]
[SourceVersionDate "2021.10.06"]
[SourceQuality "1"]

1. e4 e6 2. d4 d5 3. Nd2 dxe4 4. Nxe4 Bd7 5. Nf3 Bc6 6. Bd3 Nd7 7. O-O Ngf6 8. Qe2 Nxe4 9. Bxe4 Bxe4 10. Qxe4 c6 11. c3 Nf6 12. Qe2 Bd6 1/2-1/2

[Event "Montcalm VI 2007-08"]
[Site "Quebec CAN"]
[Date "2008.04.17"]
[Round "5"]
[White "Dube, Daniel"]
[Black "Cournoyer, Dominic"]
[Result "0-1"]
[WhiteElo "1648"]
[BlackElo "1922"]
[PlyCount "42"]
[GameId "2160767910413079"]
[EventDate "2008.03.20"]
[EventType "swiss"]
[EventRounds "5"]
[EventCountry "CAN"]
[SourceTitle "EXT 2022"]
[Source "ChessBase"]
[SourceDate "2021.10.06"]
[SourceVersion "1"]
[SourceVersionDate "2021.10.06"]
[SourceQuality "1"]

1. e4 d5 2. exd5 Nf6 3. d4 Nxd5 4. Nf3 g6 5. c4 Nb6 6. Bf4 Bg7 7. Nc3 O-O 8. Qd2 Re8 9. O-O-O Be6 10. d5 Bd7 11. c5 Bxc3 12. Qxc3 Na4 13. Qd4 Na6 14. Bxa6 Nxb2 15. Kxb2 bxa6 16. c6 Rb8+ 17. Kc3 Bf5 18. Qxa7 e5 19. dxe6 Qf6+ 20. Be5 Qxe6 21. Bxc7 Qxc6+ 0-1

[Event "Montcalm VI 2007-08"]
[Site "Quebec CAN"]
[Date "2008.04.17"]
[Round "5"]
[White "Plante, Gilles"]
[Black "Bourassa, Andre"]
[Result "0-1"]
[WhiteElo "1737"]
[BlackElo "1717"]
[PlyCount "68"]
[GameId "2160767910413080"]
[EventDate "2008.03.20"]
[EventType "swiss"]
[EventRounds "5"]
[EventCountry "CAN"]
[SourceTitle "EXT 2022"]
[Source "ChessBase"]
[SourceDate "2021.10.06"]
[SourceVersion "1"]
[SourceVersionDate "2021.10.06"]
[SourceQuality "1"]

1. d4 d5 2. c4 e6 3. Nf3 Nf6 4. Nc3 Be7 5. e3 O-O 6. Bd3 dxc4 7. Bxc4 c5 8. O-O a6 9. Qe2 b5 10. Bb3 Bb7 11. Rd1 Qc7 12. Bd2 Nc6 13. Rac1 c4 14. Bc2 Nb4 15. Bb1 Rad8 16. a3 Nc6 17. Be1 Na5 18. Na2 Nb3 19. e4 Nxc1 20. Nxc1 Rd7 21. Bc3 Rfd8 22. Qe1 Qb8 23. Ba5 Rc8 24. Bc3 Qa8 25. Ne5 Rdd8 26. f3 Bd6 27. Ba5 Bc7 28. Bxc7 Rxc7 29. Ne2 Nxe4 30. fxe4 Bxe4 31. Qf2 Bxb1 32. Rxb1 Qe4 33. Rd1 Qxe5 34. Nc3 Rcd7 0-1